| 000 | 00727nam a2200253Ia 4500 | ||
|---|---|---|---|
| 003 | OSt | ||
| 005 | 20221005093058.0 | ||
| 006 | a|||||r|||| 00| 0 | ||
| 007 | ta | ||
| 008 | 221004b |||||||| |||| 00| 0 eng d | ||
| 024 | _a32301 | ||
| 037 | _cTextual | ||
| 040 |
_aCRL _cCRL _beng |
||
| 041 |
_2eng _aeng |
||
| 082 | _aMK142g, J7 close sec | ||
| 100 |
_aSchneider Earl _9156156 |
||
| 245 | 0 | _aComplete guide to tropical fishes | |
| 260 |
_aNew York _bThoms Nelson And Sons UK _c1957 |
||
| 300 |
_a549p _ccm. |
||
| 650 | _aINDUSTRIAL ARTS | ||
| 700 |
_a Whitney Leon F. _9618082 |
||
| 942 |
_hMK142g, J7 close sec _cTEXL _2cc |
||
| 999 |
_c999811 _d999811 |
||